000 01172nam a2200229 a 4500
001 50462
005 20180714035531.0
008 140415s1991 sp 000 0 spa d
020 _a847114347X
041 _aspa
082 _a631.583
_bALP
100 1 _aALPI, A.
245 1 0 _aCULTIVO EN INVERNADERO :
_bACTUAL ORIENTACION CIENTIFICA Y TECNICA
250 _a3a ed.
260 _aESPAÑA :
_bEDICIONES MUNDI-PRENSA,
_c1991
300 _a561
_c16.5 x 1.1 x 23.4
500 _aTRADUCCION DE CULTIVAZIONE IN SERRA
520 _aESTA OBRA EN SU TERCERA EDICION AMPLIADA Y PUESTA AL DIA, TRATA DE OFRECER, DE FORMA CLARA Y CONCISA, LOS CONOCIMIENTOS BASICOS SOBRE EL CULTIVO FORZADO, CULTIVO PROTEGIDO O CULTIVO EN INVERNADERO. CONTIENE LOS TEMAS BASICOS SOBRE LA CONSTRUCCION DE TUNELES, INVERNADEROS Y OTROS TIPOS DE PROTECCIONES, ASI COMO SOBRE LOS MATERIALES CON LOS QUE ESTOS SE REALIZAN. INCLUYE SEGUIMIENTO CONOCIMIENTOS BASICOS Y TECNICAS APLICADAS SOBRE LOS FACTORES AMBIENTALES EN EL INTERIOR DE LOS INVERNADER
650 1 4 _aCULTIVOS
_xINVERNADEROS
_xMECANIZACION AGRICOLA
700 1 _aCERISOLA, C. I.
_etr.
700 1 _aTOGNONI, F.
_ecoaut.
999 _c50462
_d50462